ENGLISH GRAMMER AND COMPOSITION (Record no. 59497)

MARC details
000 -LEADER
fixed length control field 00467nam a2200181Ia 4500
008 - FIXED-LENGTH DATA ELEMENTS--GENERAL INFORMATION
fixed length control field 090123s9999 xx 000 0 und d
082 ## - DEWEY DECIMAL CLASSIFICATION NUMBER
Item number 21426
100 ## - MAIN ENTRY--PERSONAL NAME
Personal name SURI PREMLATA
245 ## - TITLE STATEMENT
Title ENGLISH GRAMMER AND COMPOSITION
250 ## - EDITION STATEMENT
Edition statement 0
260 ## - PUBLICATION, DISTRIBUTION, ETC. (IMPRINT)
Name of publisher, distributor, etc SULTAN CHAND-SONS
600 ## - SUBJECT ADDED ENTRY--PERSONAL NAME
Personal name SURI PREMLATA
630 ## - SUBJECT ADDED ENTRY--UNIFORM TITLE
Uniform title ENGLISH GRAMMER AND COMPOSITION
700 ## - ADDED ENTRY--PERSONAL NAME
Personal name SURI PREMLATA
700 ## - ADDED ENTRY--PERSONAL NAME
Personal name SURI PREMLATA
730 ## - ADDED ENTRY--UNIFORM TITLE
Uniform title ENGLISH GRAMMER AND COMPOSITION
942 ## - ADDED ENTRY ELEMENTS (KOHA)
Koha item type Book
Holdings
Withdrawn status Lost status Damaged status Not for loan Home library Current library Date acquired Cost, normal purchase price Total Checkouts Full call number Barcode Date last seen Cost, replacement price Price effective from Koha item type
        Jawahar Wachalanalaya, Kalwa Jawahar Wachalanalaya, Kalwa 03/31/2002 47.50   21426 KLW-21426 01/23/2009 47.50 01/23/2009 Book